| 000 | 00596nam a2200229Ia 4500 | ||
|---|---|---|---|
| 003 | OSt | ||
| 005 | 20230517161032.0 | ||
| 008 | 210423s2010 xx 000 0 und d | ||
| 020 | _a896039900 | ||
| 040 | _cAL | ||
| 041 | _aeng | ||
| 082 |
_a616.042 POTN _223 |
||
| 100 |
_aPOTTER (Nicholas T). _9107225 |
||
| 245 | _aNeurogenetics methods and protocols.V217. | ||
| 260 |
_aNew Jersey _bHumana Press _c2010 |
||
| 300 |
_axiii,390 _bPB |
||
| 365 |
_b8135.93 _cINR |
||
| 440 | _v217 | ||
| 650 |
_aDiseases _9107226 |
||
| 906 | _amethods ; Neurogenetics ; protocols.V217. | ||
| 942 |
_2ddc _cBK |
||
| 999 |
_c164948 _d164948 |
||